[Event "WC-2017-S-00001"]
[Site "LSS email"]
[Date "2017.05.17"]
[Round "?"]
[White "Perez, Brigiliano"]
[Black "Loinjak, Sinisa"]
[Result "1/2-1/2"]
[WhiteElo "2530"]
[BlackElo "2623"]
[PlyCount "55"]
[EventDate "2017.06.01"]
[EventType "tourn (corr)"]
[EventRounds "12"]
[EventCountry "GER"]
[SourceTitle "Corr 2024"]
[Source "ChessBase"]
[SourceDate "2023.10.19"]
[SourceVersion "1"]
[SourceVersionDate "2023.10.19"]
[SourceQuality "1"]

1. e4 c5 2. Nf3 d6 3. d4 cxd4 4. Nxd4 Nf6 5. Nc3 a6 6. Bg5 e6 7. f4 Qb6 8. Qd2 Qxb2 9. Rb1 Qa3 10. f5 Nc6 11. fxe6 fxe6 12. Nxc6 bxc6 13. Be2 Be7 14. e5 dxe5 15. Bxf6 Bxf6 16. Bh5+ g6 17. Ne4 0-0 18. 0-0 Bg7 19. Rxf8+ Qxf8 20. Bg4 h6 21. Qa5 Ra7 22. Rb8 Rb7 23. Rxb7 Bxb7 24. Bxe6+ Kh7 25. Qc7 Qf4 26. Qd8 Qe3+ 27. Kf1 Qf4+ 28. Kg1 1/2-1/2